000 01168naa a22002897a 4500
001 BR8305688
003 BR-BrBNA
005 20240918175352.0
007 ta
008 230509b bl.||||| |||| 00| 0 por d
040 _aBR-BrBNA
_bpor
_cBiblioteca Nacional de Agricultura
041 _a(En)
072 _aL53; L10
090 _aL53 BR8305688
100 1 _aHafez, E.S.E.
111 1 _a2. Symposium on Advanced Topics in Animal Reproduction
_cJaboticabal, SP (Brazil)
_d8-11 Aug 1983
245 1 _aIn vitro fertilization (I.V.F.)[reproducao animal, inseminacao artificial, fertilizacao in vitro, genetica animal]
260 3 _aJaboticabal, SP (Brasil):
_c1983.
500 _aProceedings of the 2. Symposium on Advanced Topics in Animal Reproduction Jaboticabal, SP (Brasil): 1983. p. 25-50 (BR8305688-AM)L53
650 _aREPRODUCAO ANIMAL
650 _aINSEMINACAO ARTIFICIAL
650 _aFERTILIDADE DO SOLO
650 _aGENETICA ANIMAL
773 0 _tProceedings of the 2. Symposium on Advanced Topics in Animal Reproduction
_wL53 BR8305688
_gJaboticabal, SP (Brasil), 1983. p. 25-50
909 _a202404
_bLucia
_c55
_dLucia Elande
942 _cAM
_2AGRIS
999 _c316359
_d316359